00289nam a22001097a 4500020001800000082001800018100002700036245004200063260005200105300000700157650001500164 a81-7505-237-6 a294.59218 RAN aRanganathananda, Swami aThe Charm and Power of the Upanishads aBelur Math, west BengalbRamakrishna Mathc2012 a55 aUpanishads